| 000 | 00452nam a2200169 a 4500 | ||
|---|---|---|---|
| 020 | _a0800687 | ||
| 082 | 0 | 0 |
_a291.82 _bSMI |
| 100 | _aSmith, Wilfred Cantwell | ||
| 245 | _aWhat Is Scripture?: A comparative approach | ||
| 260 |
_aU S A _bFortress Press _c1993 |
||
| 300 | _a381p | ||
| 500 | _aincludes index and biblioraphy | ||
| 505 | 2 | _aindex | |
| 650 | _aComparative Religion-Scriptures | ||
| 700 | 1 | _aSmith, Wilfred Cantwell | |
| 942 | _cBK | ||
| 999 |
_c9760 _d9760 |
||